书目信息 |
| 题名: |
电脑软故障修复技术
|
|
| 作者: | 聂元铭 编著 | |
| 分册: | ||
| 出版信息: | 北京 科学出版社 1998 |
|
| 页数: | 286页 | |
| 开本: | 16开 | |
| 丛书名: | 计算机工程师丛书 | |
| 单 册: | ||
| 中图分类: | TP306.3 | |
| 科图分类: | ||
| 主题词: | 微型计算机--故障修复 | |
| 电子资源: | ||
| ISBN: | 7-03-006284-1 | |
| 000 | 00642nam0 2200217 45 | |
| 001 | 0109251531 | |
| 005 | 20031219104050.7 | |
| 010 | @a7-03-006284-1@dCNY28.00 | |
| 100 | @a20010925d1998 km y0chiy0120 ea | |
| 101 | 0 | @achi |
| 105 | @a z 000yy | |
| 200 | 1 | @a电脑软故障修复技术@ADian Nao Ruan Gu Zhang Xiu Fu Ji Shu@f聂元铭编著@FNie Yuan Ming Bian Zhu |
| 210 | @a北京@c科学出版社@d1998 | |
| 215 | @a286页@d16开 | |
| 225 | @a计算机工程师丛书 | |
| 410 | @12001 @a计算机工程师丛书 | |
| 606 | 0 | @a微型计算机@x故障修复 |
| 690 | @aTP306.3@v4 | |
| 701 | @a聂元铭@4编著 | |
| 801 | @aCN@bTSTC@c20010925 | |
| 905 | @f3@b298811-813@dTP306.3@e218 | |
| 电脑软故障修复技术/聂元铭编著.-北京:科学出版社,1998 |
| 286页;16开.-(计算机工程师丛书) |
| ISBN 7-03-006284-1:CNY28.00 |
| ● |
| 相关链接 |
|
|
|
|
正题名:电脑软故障修复技术
索取号:TP306.3/218
 
预约/预借
| 序号 | 登录号 | 条形码 | 馆藏地/架位号 | 状态 | 备注 |
| 1 | 0298811 | 202988115 | 第三借阅区/ [索取号:TP306.3/218] | 在馆 | |
| 2 | 0298812 | 202988124 | 第三借阅区/ [索取号:TP306.3/218] | 在馆 | |
| 3 | 0298813 | 202988133 | 第二样本阅览室/ [索取号:TP306.3/218] | 在馆 |